| 000 | 00547nam a22002057a 4500 | ||
|---|---|---|---|
| 003 | ASAB | ||
| 005 | 20180827062715.0 | ||
| 008 | 161128t xxu||||| |||| 00| 0 eng d | ||
| 020 | _a978-81-315-1254-8 | ||
| 040 | _cASAB | ||
| 082 | _a572 | ||
| 100 |
_aShawn O. farrell _92339 |
||
| 245 |
_aBiochemistry a lab manual _cby Shawn O. Farrell |
||
| 250 | _aindia edition | ||
| 260 |
_aIndia. _bCengage Learning _cc2009 |
||
| 300 |
_a287 P _c23 cm |
||
| 630 |
_aBiochemistry _93674 |
||
| 630 |
_aBiochemistry A lab Manual _93675 |
||
| 942 |
_2ddc _cBK |
||
| 999 |
_c480337 _d480337 |
||